[Event "RUS Cup Qualifier 2"]
[Site "chessassistantclub.com INT"]
[Date "2004.09.30"]
[Round "?"]
[White "Poluljahov, Aleksandr"]
[Black "Rabiega, Robert"]
[Result "1-0"]
[WhiteElo "2516"]
[BlackElo "2522"]
[PlyCount "61"]
[EventDate "2004.09.30"]
[EventType "swiss (blitz)"]
[EventRounds "13"]
[EventCountry "RUS"]
[SourceTitle "EXT 2006"]
[Source "ChessBase"]
[SourceDate "2005.11.24"]
[SourceVersion "1"]
[SourceVersionDate "2005.11.24"]
[SourceQuality "1"]

1. d4 Nf6 2. c4 e6 3. Nf3 d5 4. Nc3 Be7 5. g3 0-0 6. Bg2 b6 7. 0-0 Bb7 8. cxd5 exd5 9. Bf4 Nbd7 10. Qc2 c5 11. Rfd1 c4 12. Ne5 h6 13. Qf5 Nb8 14. Nxc4 Bc8 15. Qc2 Nc6 16. Ne5 Nb4 17. Qb3 Be6 18. a3 Na6 19. Rac1 g5 20. Be3 Qd6 21. Nb5 Qb8 22. Qa4 Qb7 23. Nc6 Nb8 24. Nxb8 Qxb8 25. Nc7 b5 26. Qa6 Ng4 27. Nxe6 Nxe3 28. fxe3 fxe6 29. Qxe6+ Rf7 30. Bxd5 Qf8 31. Rf1 1-0

[Event "RUS Cup Qualifier 2"]
[Site "chessassistantclub.com INT"]
[Date "2004.09.30"]
[Round "?"]
[White "Poluljahov, Aleksandr"]
[Black "Rustemov, Alexander"]
[Result "1/2-1/2"]
[WhiteElo "2516"]
[BlackElo "2604"]
[PlyCount "96"]
[EventDate "2004.09.30"]
[EventType "swiss (blitz)"]
[EventRounds "13"]
[EventCountry "RUS"]
[SourceTitle "EXT 2006"]
[Source "ChessBase"]
[SourceDate "2005.11.24"]
[SourceVersion "1"]
[SourceVersionDate "2005.11.24"]
[SourceQuality "1"]

1. d4 d5 2. c4 c6 3. Nc3 Nf6 4. e3 a6 5. Qc2 e6 6. Nf3 c5 7. cxd5 exd5 8. Be2 Nc6 9. dxc5 Bxc5 10. 0-0 Be6 11. Bd2 Rc8 12. Rad1 0-0 13. a3 Qe7 14. Rfe1 Rfd8 15. Bd3 h6 16. h3 b5 17. Qb1 d4 18. exd4 Nxd4 19. Nxd4 Bxd4 20. Bf5 Qa7 21. Be3 Bxe3 22. Rxd8+ Rxd8 23. Rxe3 Bxf5 24. Qxf5 Qd7 25. Qxd7 Rxd7 26. Kf1 Rd2 27. Re2 Rd6 28. Ke1 Kf8 29. Re5 Nd7 30. Rd5 Ke7 31. Kd2 Rxd5+ 32. Nxd5+ Kd6 33. Nb4 Nc5 34. Nd3 Nxd3 35. Kxd3 Kd5 36. h4 a5 37. g3 h5 38. f3 f6 39. f4 f5 40. b3 Kc5 41. Kc3 Kd5 42. Kd3 Kc5 43. Kc3 a4 44. bxa4 bxa4 45. Kd3 Kd5 46. Kc3 Kc5 47. Kd3 Kd5 48. Kc3 Kc5 1/2-1/2

[Event "RUS Cup Qualifier 1"]
[Site "chessassistantclub.com INT"]
[Date "2004.09.07"]
[Round "?"]
[White "Popov, Roman"]
[Black "Poluljahov, Aleksandr"]
[Result "0-1"]
[WhiteElo "2388"]
[BlackElo "2516"]
[PlyCount "90"]
[EventDate "2004.09.07"]
[EventType "swiss (blitz)"]
[EventRounds "13"]
[EventCountry "RUS"]
[SourceTitle "EXT 2006"]
[Source "ChessBase"]
[SourceDate "2005.11.24"]
[SourceVersion "1"]
[SourceVersionDate "2005.11.24"]
[SourceQuality "1"]

1. e4 c5 2. Nf3 e6 3. d3 Nc6 4. g3 g6 5. d4 cxd4 6. Nxd4 a6 7. Nxc6 bxc6 8. Qd4 f6 9. Bg2 Bg7 10. 0-0 Ne7 11. c4 0-0 12. Qd6 Rf7 13. Rd1 Qb6 14. Nc3 Bf8 15. Na4 Qa5 16. Bd2 Qxa4 17. b3 Nf5 18. Qxf8+ Rxf8 19. bxa4 Nd4 20. Bh6 e5 21. Bxf8 Kxf8 22. c5 Ke7 23. Rab1 d6 24. cxd6+ Kxd6 25. Bf1 Be6 26. Rb2 a5 27. f4 h5 28. Kf2 Rh8 29. h4 g5 30. f5 Bf7 31. hxg5 fxg5 32. Ke3 Kc5 33. Rc1+ Kd6 34. Rb7 Bxa2 35. Rg7 h4 36. Rg6+ Ke7 37. gxh4 gxh4 38. Bh3 Rb8 39. Rg7+ Kf6 40. Rg6+ Kf7 41. Rc3 Rb1 42. Rh6 Re1+ 43. Kf2 Rxe4 44. Bg2 Rf4+ 45. Ke3 Nxf5+ 0-1

[Event "RUS Cup Qualifier 1"]
[Site "chessassistantclub.com INT"]
[Date "2004.09.07"]
[Round "?"]
[White "Vlassov, Nikolai"]
[Black "Poluljahov, Aleksandr"]
[Result "1-0"]
[WhiteElo "2466"]
[BlackElo "2516"]
[PlyCount "83"]
[EventDate "2004.09.07"]
[EventType "swiss (blitz)"]
[EventRounds "13"]
[EventCountry "RUS"]
[SourceTitle "EXT 2006"]
[Source "ChessBase"]
[SourceDate "2005.11.24"]
[SourceVersion "1"]
[SourceVersionDate "2005.11.24"]
[SourceQuality "1"]

1. e4 c5 2. c3 Nf6 3. e5 Nd5 4. d4 cxd4 5. cxd4 d6 6. Nf3 e6 7. Bc4 Nc6 8. 0-0 Nb6 9. Bb3 dxe5 10. dxe5 Qxd1 11. Rxd1 Be7 12. Be3 0-0 13. Nc3 Nd7 14. Bf4 Nc5 15. Bc2 Bd7 16. a3 a5 17. Be3 Rfd8 18. Ne4 Nxe4 19. Bxe4 Be8 20. Bb6 Rxd1+ 21. Rxd1 f5 22. Bb1 g5 23. h3 Kf7 24. g4 Kg6 25. Kg2 Rc8 26. h4 gxh4 27. Kh3 Bd8 28. gxf5+ exf5 29. Rg1+ Kh5 30. Bxf5 Bxb6 31. Bxc8 Bxf2 32. Rg5+ Kh6 33. Bg4 Nd4 34. Rg8 Bc6 35. Nxh4 Bd5 36. Rd8 Ne6 37. Nf5+ Kg5 38. Rg8+ Kf4 39. Ne7 Be4 40. Bxe6 Kxe5 41. Bg4 Bc5 42. Nc8 1-0

[Event "Krasnodar 05"]
[Site "Krasnodar"]
[Date "2004.05.??"]
[Round "8"]
[White "Kuzubov, Yuriy"]
[Black "Poluljahov, Aleksandr"]
[Result "1-0"]
[WhiteElo "2441"]
[BlackElo "2516"]
[PlyCount "69"]
[EventDate "2004.05.??"]
[EventType "tourn"]
[EventRounds "11"]
[EventCountry "RUS"]
[EventCategory "9"]
[SourceTitle "EXT 2006"]
[Source "ChessBase"]
[SourceDate "2005.11.24"]
[SourceVersion "1"]
[SourceVersionDate "2005.11.24"]
[SourceQuality "1"]

1. d4 d6 2. e4 Nf6 3. f3 c6 4. Be3 g6 5. c4 Bg7 6. Nc3 0-0 7. Bd3 e5 8. d5 cxd5 9. cxd5 Ne8 10. Qd2 f5 11. Nge2 Nd7 12. 0-0 f4 13. Bf2 g5 14. Nb5 Nc5 15. b4 Nxd3 16. Qxd3 a6 17. Na7 Bd7 18. b5 axb5 19. Nxb5 h5 20. Rab1 g4 21. Kh1 h4 22. fxg4 Bxg4 23. h3 Bxe2 24. Qxe2 f3 25. gxf3 Qd7 26. Kh2 Rxa2 27. Qxa2 Rxf3 28. Kg1 Qxh3 29. Bxh4 Rxf1+ 30. Rxf1 Qxh4 31. Qg2 Qd8 32. Qg4 Qb6+ 33. Kg2 Qe3 34. Qe6+ Kh7 35. Qf5+ 1-0

[Event "Krasnodar 05"]
[Site "Krasnodar"]
[Date "2004.05.??"]
[Round "7"]
[White "Poluljahov, Aleksandr"]
[Black "Maiorov, Oleg Ivanovich"]
[Result "1/2-1/2"]
[WhiteElo "2516"]
[BlackElo "2459"]
[PlyCount "71"]
[EventDate "2004.05.??"]
[EventType "tourn"]
[EventRounds "11"]
[EventCountry "RUS"]
[EventCategory "9"]
[SourceTitle "EXT 2006"]
[Source "ChessBase"]
[SourceDate "2005.11.24"]
[SourceVersion "1"]
[SourceVersionDate "2005.11.24"]
[SourceQuality "1"]

1. d4 Nf6 2. c4 c5 3. e3 e6 4. Nf3 cxd4 5. exd4 d5 6. Nc3 Be7 7. cxd5 Nxd5 8. Bc4 0-0 9. 0-0 b6 10. Bxd5 exd5 11. Ne5 Bb7 12. Qa4 Qc8 13. Re1 Bf6 14. Bf4 Qf5 15. Bg3 h5 16. Nb5 Bxe5 17. dxe5 Qd7 18. Qb3 Na6 19. Nd6 Nc5 20. Qf3 g6 21. Rad1 Bc6 22. Qe3 Qe7 23. h3 Rad8 24. Rd4 Ne4 25. Nxe4 dxe4 26. Red1 Rxd4 27. Qxd4 Qe6 28. b3 Re8 29. Qe3 Qf5 30. Qc1 Rc8 31. Rd6 Bd7 32. Qe3 Be6 33. Rd4 Rc2 34. Qh6 Rc8 35. Qe3 Rc2 36. Qh6 1/2-1/2